| Tag |
First Indicator |
Second Indicator |
Subfields |
| LEADER |
00000cam a22000001a 4500 |
| 001 |
in00002322421 |
| 005 |
20190326205144.0 |
| 006 |
m | d | |
| 007 |
cr |n||||||||n |
| 008 |
010904s1799 stk s 000 0 eng d |
| 040 |
|
|
|a TXA
|c TXA
|d OCLCQ
|d Thomson Gale
|d UtOrBLW
|
| 043 |
|
|
|a e-uk-st
|
| 245 |
0 |
0 |
|a Observations on Bailas printed] Smith's address :
|b and on the answer thereto by an Old Magistrate /
|c by an inhabitant of Edinburgh.
|
| 250 |
|
|
|a 2nd ed.
|
| 264 |
|
1 |
|a Edinburgh :
|b G. Reid and Co.,
|c 1799.
|
| 300 |
|
|
|a 20 pages ;
|c octavo.
|
| 336 |
|
|
|a text
|b txt
|2 rdacontent
|
| 337 |
|
|
|a computer
|b c
|2 rdamedia
|
| 338 |
|
|
|a online resource
|b cr
|2 rdacarrier
|
| 500 |
|
|
|a Reproduction of original from Goldsmiths' Library, University of London.
|
| 500 |
|
|
|a Goldsmiths'-Kress number 17692.1.
|
| 510 |
4 |
|
|a OCLC,
|c 47899903
|
| 533 |
|
|
|a Electronic reproduction.
|b Farmington Hills, Mich. :
|c Thomson Gale,
|d 2005.
|f (The making of the modern world).
|n Available via the World Wide Web.
|n Access limited to licensing agreements.
|7 s2005 miunns
|
| 500 |
|
|
|a Electronic resource.
|
| 600 |
0 |
0 |
|a Old magistrate.
|t Answer to baillie Smith's Address to the Town Council of Edinburgh.
|
| 600 |
1 |
0 |
|a Smith, Thomas,
|c baillie of Edinburgh.
|t Address to the Town Council of Edinburgh.
|
| 650 |
|
0 |
|a Municipal government
|z Scotland
|z Edinburgh.
|
| 650 |
|
0 |
|a Finance, Public
|z Scotland
|z Edinburgh.
|
| 655 |
|
0 |
|a Electronic books.
|
| 830 |
|
0 |
|a Making of the modern world (Goldsmiths'-Kress Library of Economic Literature)
|
| 856 |
4 |
0 |
|u http://proxy.library.tamu.edu/login?url=http://galenet.galegroup.com/servlet/MOME?af=RN&ae=U109767451&srchtp=a&ste=14&locID=txshracd2898
|z Connect to the full text of this electronic book
|t 0
|
| 999 |
|
|
|a MARS
|
| 999 |
f |
f |
|s 2a44ccf6-6329-32b1-ad8c-7f33667c342e
|i 409a906b-9563-316c-ab40-83e744eba7eb
|t 0
|
| 952 |
f |
f |
|a Texas A&M University
|b College Station
|c Electronic Resources
|d Available Online
|t 0
|h No information provided
|
| 998 |
f |
f |
|t 0
|l Available Online
|